Programación lineal (Registro nro. 8176)

Detalles MARC
000 -LEADER
fixed length control field 00866 a2200229 4500
001 - CONTROL NUMBER
control field 63421
005 - DATE AND TIME OF LATEST TRANSACTION
control field 20260407155932.0
008 - FIXED-LENGTH DATA ELEMENTS--GENERAL INFORMATION
fixed length control field 260407a1967 arg spa d
003 - CONTROL NUMBER IDENTIFIER
control field AR-UNSa-BCEJYS
040 ## - CATALOGING SOURCE
Original cataloging agency AR-UNSa-BCEJYS
Language of cataloging spa
Transcribing agency AR-UNSa-BCEJYS
080 ## - UNIVERSAL DECIMAL CLASSIFICATION NUMBER
Universal Decimal Classification number 519.85
Common auxiliary subdivision Programación matemática (Programación lineal)<br/>
041 ## - LANGUAGE CODE
Language code of text/sound track or separate title spa
100 1# - MAIN ENTRY--PERSONAL NAME
Personal name Dorfman, Robert
245 10 - TITLE STATEMENT
Title Programación lineal
Name of part/section of a work Su aplicación a la teoría de la empresa
250 ## - EDITION STATEMENT
Edition statement 3a. ed.
264 #1 - PRODUCTION, PUBLICATION, DISTRIBUTION, MANUFACTURE, AND COPYRIGHT NOTICE
Place of production, publication, distribution, manufacture Madrid :
Name of producer, publisher, distributor, manufacturer Aguilar
Date of production, publication, distribution, manufacture, or copyright notice 1967
300 ## - PHYSICAL DESCRIPTION
Extent xv, 133 p.
Dimensions 18 cm.
505 ## - FORMATTED CONTENTS NOTE
Formatted contents note 1. Dos maneras de abordar la teoría de la empresa - 2. Empresa competidora con factores fijos - 3. Programas de producción para productos monopolizados - 4. Hipótesis, limitaciones y posibilidades -
590 ## - LOCAL NOTE (RLIN)
Local note niveau_biblio:m niveau_hierar:0
700 1# - ADDED ENTRY--PERSONAL NAME
Personal name Garcia Barbancho, Alfonso
942 ## - ADDED ENTRY ELEMENTS (KOHA)
Koha item type
Existencias
Withdrawn status Lost status Damaged status Not for loan Home library Current library Shelving location Date acquired Total checkouts Full call number Barcode Date last seen Price effective from Koha item type
        Biblioteca Prof. Eusebio Cleto del Rey Biblioteca Prof. Eusebio Cleto del Rey   07/04/2026   519.85 D693 3ed. L22407 07/04/2026 07/04/2026 Libro
        Biblioteca Prof. Eusebio Cleto del Rey Biblioteca Prof. Eusebio Cleto del Rey   07/04/2026   519.85 D693 3ed. L22408 07/04/2026 07/04/2026 Libro
        Biblioteca Prof. Eusebio Cleto del Rey Biblioteca Prof. Eusebio Cleto del Rey   07/04/2026   519.85 D693 3ed. L22799 07/04/2026 07/04/2026 Libro
        Biblioteca Prof. Eusebio Cleto del Rey Biblioteca Prof. Eusebio Cleto del Rey   07/04/2026   519.85 D693 3ed. L22800 07/04/2026 07/04/2026 Libro